01447nam a22003257a 4500999001700000003000900017005001700026008004100043017001300084040004300097041001300140082002600153100006500179245014800244264006000392300003000452336002600482337003500508338002900543490005100572546010100623600005200724650007200776651001000848653002500858655002400883700007900907942001200986952012300998 c15846d15846EG-ScBUE20210530102723.0110815s1982 iq f 000 0 ara d a607/1982 aEG-ScBUEbaraerdacEG-ScBUEdEG-ScBUE1 aaraheng04a821.912bك و ك2221 926734aكوكس، سي. بي.،‏d1928-2008،eمؤلف.10aديلان توماس :bمجموعة مقالات نقدية /cبإشراف سي . بي . كوكس ؛ ترجمة إبراهيم جبرا. 1a[بغداد] :bدار الرشيد للنشر،c1982. a279 صفحة ؛c24 سم. 2rdacontentaنصbtxt 2rdamediaaبدون وسيطbn 2rdacarrieraمجلدbnc0 aسلسلة الكتب المترجمة ؛v115 aالنص باللغة العربية وتم ترجمته من اللغة الإنجليزية.17a‪توماس، ديلان،d1914-1953.2BUEsh 7916639aالشعر الإنجليزيxتاريخ ونقد.2BUEsh 2BUEsh cAugust2011bHHUUEENN vReading book9342321 926736aجبرا، جبرا إبراهيم،‏d1920-1994،eمترجم. 2ddccBB 00102ddc40708Alef-BaaaMAINbMAINc2NDd2011-08-15epurchaseo821.912 ك و كp000024542r2025-07-15 00:00:00yBB